000 00445nam a2200181Ia 4500
008 151202s9999||||xx |||||||||||||| ||und||
082 _bPNVM-83119
100 _aSTINE . L.R.
245 _aReturn to ghost camp.
260 _bSCHOLASTIC PRESS NEW YORK.
260 _c1999
300 _a112
600 _aSTINE . L.R.
630 _aReturn to ghost camp.
700 _aSTINE . L.R.
730 _aReturn to ghost camp.
942 _cBOOK
999 _c1347845
_d1347842